Zasady lokalizowania i ksztaltowania przestrzennego zakladów i zespolow przemyslowych na przykladzie wybranych branz

Guardado en:
Detalles Bibliográficos
Autor principal: Obarska-Bartmanska, Maria
Otros Autores: Borkowska, Anna, Malek, Edward
Formato: Libro
Lenguaje:polaco
Publicado: Warszawa Instytut Ksztaltowania Srodowiska 1986
Edición:1. wyd.
Etiquetas: Agregar Etiqueta
Sin Etiquetas, Sea el primero en etiquetar este registro!

MARC

LEADER 00000nam a2200000 4500
001 c036055
005 20221220073401.3
041 0 |a pol 
044 |a PL 
245 1 0 |a Zasady lokalizowania i ksztaltowania przestrzennego zakladów i zespolow przemyslowych na przykladzie wybranych branz  |c Maria Obarska-Bartmanska, Anna Borkowska, Edward Malek 
250 |a 1. wyd. 
264 1 |a Warszawa  |b Instytut Ksztaltowania Srodowiska  |c 1986 
300 |a 218 s. 
100 1 |a Obarska-Bartmanska, Maria 
700 1 |a Borkowska, Anna 
700 1 |a Malek, Edward